000 01011nam0a2200313 4500
001 RU\NLR\bibl\1815786
005 20250616155159.0
010 _a978-5-227-03085-6
_9100 000
021 _aRU
_b2011-67240
_94742
035 _a(NLR Aleph) 001806373
090 _a1812551
_c1812551
100 _a20111004d2011 |||y0rusy50 ca
101 1 _arus
_ceng
102 _aRU
105 _ay |||||||||
200 1 _aНедоверчивые сердца
_eроман
_fНикола Марш
_g[пер. с англ. Н.Н. Барковой]
210 _aМосква
_cЦентрполиграф
_d2011
215 _a157, [1] с.
_d17
225 1 _aАрлекин
_dHarlequin
225 1 _aЛюбовный роман
_v0114
686 1 _aШ6(82)67-440.4{Лх3018-45}
700 1 _4070
_7ca
_8rus
_aМарш
_bН.
_gНикола
_9203842
_3RU\NLR\AUTH\770203893
801 0 _aRU
_bNLR
_c20111004
_gRCR
801 1 _aRU
_bNLR
_c20111004
942 _cBOOK
980 _aNB
980 _aNBR